Statistics for Double B Vocabulary Words

Click here to take the quiz!

General Stats

  • This quiz has been taken 33,220 times
    (27,350 since last reset)
  • The average score is 14 of 22

Answer Stats

DefinitionWord% Correct
Whale fatBlubber
92%
Jewish religious leaderRabbi
88%
British for garbageRubbish
87%
Short, rough facial hairStubble
86%
Turkey's noiseGobble
85%
Small biteNibble
85%
The day of restSabbath
83%
Person who repairs shoesCobbler
80%
To write or draw quickly and carelesslyScribble
75%
Extended leave period for
university professors
Sabbatical
68%
British police officerBobby
63%
The receding movement of the tideEbb
58%
It's what brooks doBabble
57%
To attempt to influence the government
on behalf of a special interest
Lobby
49%
The sheath of a swordScabbard
47%
To turn and stare, especially at a car accidentRubberneck
44%
MonasteryAbbey
42%
Type of small, long-armed apeGibbon
40%
Israeli communeKibbutz
39%
Period of exuberant asset pricesBubble
38%
To raise a trivial objectionQuibble
32%
To restrict a horse's movementHobble
27%

Score Distribution

Percentile by Number Answered

Percent of People with Each Score

Your Score History

You have not taken this quiz since the last reset